000 00531nam a2200157 4500
008 161105b xxu||||| |||| 00| 0 eng d
020 _a1-904994-11-3
082 _22006
_aDRef 030
_bG94
245 _aGuinness world records 2007.
260 _a[Place of publication not identified] :
_bGuinness World Records,
_cc2006.
300 _a288 pages:
_bcolor illustrations;
_c30 cm.
500 _aIncludes bibliographical references and index.
650 0 _916970
_aCuriosities and wonders
365 _b2395.00
_cPhp
942 _2ddc
_cDREF
999 _c5505
_d5505